| 000 | 00501nam a22001817a 4500 | ||
|---|---|---|---|
| 003 | OSt | ||
| 005 | 20260311045018.0 | ||
| 008 | 260311b |||||||| |||| 00| 0 eng d | ||
| 020 | _a978-81-7992 | ||
| 040 |
_aDWCL-Main Lib _cOC |
||
| 082 | _aProf. 153.42 H645 2008 | ||
| 100 | _aHill, Napoleon | ||
| 245 | _aTimeless thoughts for today | ||
| 260 |
_aMombai : _bJaico Publishing House, _cc 2008 |
||
| 300 |
_aviii, 174 p. ; _c22 cm. |
||
| 650 | _aThough ( Psychology) | ||
| 942 |
_2ddc _cPROF. _mProf. _n0 |
||
| 999 |
_c8923 _d8923 |
||